LIBRARY & INFORMATION CENTRE, KCAET, TAVANUR

ONLINE PUBLIC ACCESS CATALOGUE (OPAC)

X-rays in theory and experiment / (Record no. 7459)

MARC details
000 -LEADER
fixed length control field 00511cam a2200205ua 4500
041 ## - LANGUAGE CODE
Language code of text/sound track or separate title eng
082 ## - DEWEY DECIMAL CLASSIFICATION NUMBER
Classification number 539
Item number COM/XR
100 ## - MAIN ENTRY--AUTHOR NAME
Personal name Compton, Arthur H .
245 ## - TITLE STATEMENT
Title X-rays in theory and experiment /
250 ## - EDITION STATEMENT
Edition statement 1 /
260 ## - PUBLICATION, DISTRIBUTION, ETC. (IMPRINT)
Place of publication Toronto :
Name of publisher D Van nostrand co ,
Year of publication 1963.
300 ## - PHYSICAL DESCRIPTION
Number of Pages 828 ; .
700 1# - ADDED ENTRY--PERSONAL NAME
Personal name Allison, Samuel K .
942 ## - ADDED ENTRY ELEMENTS (KOHA)
Koha item type Books
Holdings
Withdrawn status Lost status Damaged status Home library Current library Date acquired Full call number Accession Number Koha item type
Withdrawn   Damaged KAUAET KAUAET 07/04/2012 539 COM/XR 10600 Books
      KAUAET KAUAET 07/04/2012 539 COM/XR 10632-A Books
free website counter